[Event "ROC Nova College 2019"]
[Site "Haarlem"]
[Date "2019.06.29"]
[Round "1.1"]
[White "Sadler, Matthew D"]
[Black "Wagenvoorde, Guido"]
[Result "1-0"]
[WhiteElo "2692"]
[BlackElo "2141"]
[Annotator "TA"]
[PlyCount "81"]
[EventDate "2019.06.28"]
[EventType "swiss"]
[EventCountry "NED"]
[SourceTitle "playchess.com"]
[Source "ChessBase"]
[SourceQuality "1"]

{[%evp 14,81,53,27,25,4,20,0,25,37,22,17,18,28,63,68,56,58,54,36,61,0,0,-1,0,-11,0,0,3,0,0,0,0,-81,0,0,0,0,0,-30,-42,-54,83,64,91,80,91,101,265,256,258,241,242,267,255,248,238,196,331,301,313,310,354,346,434,421,427,427,574,576]} 1. c4 Nf6 2. Nc3 g6 3. e4 d6 4. d4 Bg7 5. f3 O-O 6. Bg5 a6 7. Qd2 Nc6 8. Nge2 Na5 {E81: King's Indian: Sämisch: 6th move deviations (including 6 Be3 c6)} (8... Bd7 9. Ng3 e5 10. dxe5 Nxe5 11. Be2 b5 12. f4 Nxc4 13. Bxc4 bxc4 14. e5 dxe5 15. fxe5 Qe7 16. O-O Qc5+ {0-1 (27) Matlakov,M (2689)-Guseinov,G (2634) Baku 2015}) 9. Ng3 b5 10. Bh6 Nxc4 {The position is equal.} 11. Bxc4 bxc4 12. O-O-O c6 13. h4 Qa5 {[#]} 14. h5 $1 {[%mdl 512] [#]} Rb8 $146 (14... Nxh5 15. Nxh5) ({Predecessor:} 14... Ra7 15. Bxg7 Kxg7 16. hxg6 fxg6 {½-½ (77) Baldauf,M (2396)-Kozul,Z (2588) Graz 2014}) 15. hxg6 fxg6 16. Bxg7 Kxg7 17. Qh6+ (17. e5 $1 $14 dxe5 18. Rde1 (18. dxe5 Qxe5 19. Rde1 Qc7 $15)) 17... Kg8 $11 18. Nge2 Rf7 19. Rd2 Nd7 20. Qh4 e5 21. dxe5 Nxe5 22. Rxd6 {Hoping for Rd8+.} Bd7 23. Qg3 {[#]} (23. Rd2 $11) 23... Qc5 ({Black should try} 23... Be8 $1 $17 24. Rh5 Re7) 24. Rd2 {[%cal Bd6d2,Bd2c2,Bc2c4][%mdl 32]} Rb7 $1 25. Kb1 Nd3 26. Ka1 Qe3 $1 {[%cal Re3d2]} 27. Rc2 Be6 (27... Nb4 $1 $15 28. Rcc1 Qd2) 28. Qd6 $36 {[%mdl 2048] White is pushing.} Bd7 29. Nd1 Qb6 30. Nc1 Nb4 $2 (30... Nf4 $16) 31. Rxc4 $18 a5 32. Rc3 a4 33. a3 Na6 34. Nd3 {Black must now prevent Ne5.} Nc7 {Now ...Nb5 and Black clings on.} 35. Qc5 Nb5 (35... Ne6 $142 36. Qxb6 Rxb6) 36. Qxb6 Rxb6 37. Rc4 Be6 38. Rxa4 Rf8 39. Nc5 {White is clearly winning.} Re8 40. Ne3 Bf7 41. Nd7 {Accuracy: White = 85%, Black = 41%.} 1-0

[Event "ROC Nova College 2019"]
[Site "Haarlem"]
[Date "2019.06.29"]
[Round "1.2"]
[White "Verfuerth, Thomas"]
[Black "Sumets, Andrey"]
[Result "0-1"]
[WhiteElo "2063"]
[BlackElo "2577"]
[Annotator "TA"]
[PlyCount "84"]
[EventDate "2019.06.28"]
[EventType "swiss"]
[EventCountry "NED"]
[SourceTitle "playchess.com"]
[Source "ChessBase"]
[SourceQuality "1"]

{[%evp 9,102,0,6,0,0,0,0,-2,8,-6,0,-14,-18,-16,-14,0,0,-7,-10,-17,-16,-14,-7,-45,-45,-50,-50,-49,-49,-53,-50,-50,-54,-53,-59,-58,-56,-59,-45,-45,-45,-47,-43,-40,-43,-42,-34,-50,-34,-44,-8,-8,-8,-8,-8,-13,0,0,0,-14,0,-12,-6,-6,-6,-8,-4,-16,-16,-23,-26,-102,-35,-35,-35,-50,-33,-34,-8,-34,-51,-51,-43,-81,-81,-177,-173,-189,-196,-181,-162,-369,-364,-334,-328]} 1. c4 e6 2. e4 d5 3. exd5 exd5 4. d4 Nf6 5. Nf3 Bd6 6. Be2 {C01: French: Exchange Variation} (6. c5 Be7 7. Qa4+ Bd7 8. Qb3 b6 9. cxb6 axb6 10. Nc3 O-O 11. Be2 Nc6 12. O-O Bg4 13. Qd1 Ne4 14. h3 Bh5 {½-½ (44) Bacrot,E (2718)-Yu,Y (2760) Liaocheng 2018}) 6... dxc4 7. Bxc4 O-O 8. O-O {The position is equal.} h6 9. h3 Nc6 10. Re1 Bf5 11. Nc3 Re8 12. Rxe8+ Qxe8 13. Nb5 $146 ({Predecessor:} 13. Be3 a6 14. Nh4 Be4 15. Nxe4 Qxe4 16. Nf3 Na5 17. Bd3 Qd5 18. Qc2 Rd8 19. Qa4 Nd7 20. Qc2 Nf6 21. Qa4 Nd7 22. Qc2 Nf6 {½-½ (22) Odeev,H (2394)-Eren,A (2256) Ordu 2019}) 13... Qd7 14. Nxd6 Qxd6 15. Qb3 Nd8 16. Bd2 (16. Qe3 {is interesting.} Ne6 17. Bd2 Be4 18. Ne5 Bd5 19. Bd3) 16... Be6 17. Re1 Bxc4 18. Qxc4 Ne6 19. Re5 Rd8 {[%cal Re6d4]} 20. Bb4 Qd7 21. Bc3 Nd5 22. Re1 Ndf4 23. Re5 c6 24. a3 Nd5 25. Re1 Qe7 26. Qb3 Qc7 27. Ne5 Re8 28. Nd3 Re7 29. Nc5 Nxc5 30. dxc5 Rxe1+ 31. Bxe1 Qe7 32. Bc3 Nf4 {[#] ( -> ...Qe4)} 33. Bd2 Nd5 34. Bc3 h5 35. Qc4 Qg5 36. g3 Qc1+ 37. Kg2 Qc2 38. Qd4 {[%csl Gc3][%cal Rd4g7]} f6 39. Kg1 Kf7 40. g4 (40. h4 $11) 40... hxg4 (40... h4 $17) 41. hxg4 $15 g5 42. Kh2 Ke8 {Played: Qc2-e2} 0-1

[Event "ROC Nova College 2019"]
[Site "Haarlem"]
[Date "2019.06.29"]
[Round "1.3"]
[White "Admiraal, Miguoel"]
[Black "Hoekstra, Peter"]
[Result "1-0"]
[WhiteElo "2507"]
[BlackElo "1979"]
[Annotator "TA"]
[PlyCount "63"]
[EventDate "2019.06.28"]
[EventType "swiss"]
[EventCountry "NED"]
[SourceTitle "playchess.com"]
[Source "ChessBase"]
[SourceQuality "1"]

{[%evp 16,63,41,31,38,32,54,27,43,41,46,51,77,66,69,0,12,-63,0,-1,36,6,19,0,0,0,0,-15,8,0,0,0,75,81,164,160,204,181,725,715,722,718,968,811,952,841,841,820,811,781]} 1. d4 Nf6 2. Bg5 c5 3. d5 Ne4 4. Bf4 Qa5+ 5. c3 e6 6. f3 Nf6 7. e4 Qb6 8. Bc1 exd5 9. exd5 Bd6 {A45: Trompowsky Attack} (9... Be7 10. c4 d6 11. Bd3 Nbd7 12. f4 O-O 13. Nc3 Re8 14. Nge2 Nf8 15. Qc2 Bg4 16. O-O Bxe2 17. Bxe2 {0-1 (55) Mchedlishvili,M (2600)-Melkumyan,H (2664) Batumi 2018}) 10. c4 O-O 11. Nc3 Be5 {White has an edge.} 12. Bd3 $1 Re8 {White must now prevent ...Bxc3+.} 13. Nge2 Bxc3+ $146 ({Predecessor:} 13... Bd4 14. Qc2 d6 15. Bd2 Nbd7 {0-1 (30) Barrionuevo,P (2337)-Real de Azua,E (2432) Villa Martelli 2010}) 14. bxc3 d6 15. Qc2 (15. O-O $14) 15... Nbd7 16. f4 (16. Bg5 $11) 16... Qd8 ({Black should try} 16... Qa5 $15 17. O-O Nb6) 17. O-O $11 Nf8 18. Ng3 Ng4 19. Ne4 Bf5 20. h3 Bxe4 $1 21. Bxe4 Nf6 22. Bf5 Nh5 23. Bd3 Ng6 {[#]} (23... Qh4 $11 {keeps the balance.}) 24. g4 $1 $36 {[%cal Rg4h5][%mdl 2048] White is in control.} Ng3 {[#]} (24... Nf6 $16 {keeps fighting.}) 25. Rf3 $1 $18 {And now Kh2 would win.} Re1+ 26. Kf2 {[%mdl 64] Double Attack} Qh4 $2 (26... Qe7 27. Rxg3 (27. Kxg3 Rg1+ 28. Kh2 Qe1 $11) 27... Rh1) 27. Kxe1 {White is clearly winning.} Re8+ 28. Kd1 ({Less strong is} 28. Kf2 Ne2+ 29. Kf1 Nd4 $16) 28... Nh1 29. Qd2 Ng3 30. Qf2 Ne4 31. Qxh4 Nxh4 32. Bxe4 {Accuracy: White = 57%, Black = 25%.} 1-0

[Event "ROC Nova College 2019"]
[Site "Haarlem"]
[Date "2019.06.29"]
[Round "1.4"]
[White "Honkoop, Gilian"]
[Black "Arnaudov, G. Petar"]
[Result "0-1"]
[WhiteElo "2003"]
[BlackElo "2478"]
[Annotator "TA"]
[PlyCount "94"]
[EventDate "2019.06.28"]
[EventType "swiss"]
[EventCountry "NED"]
[SourceTitle "playchess.com"]
[Source "ChessBase"]
[SourceQuality "1"]

{[%evp 11,94,-2,14,13,15,18,22,16,18,11,22,21,21,21,26,23,47,24,33,36,56,45,71,18,16,-42,-45,-43,-39,-46,-37,-45,-45,-90,-61,-72,89,94,93,91,164,164,164,164,158,161,153,87,114,24,32,18,21,0,50,45,63,42,95,0,0,0,33,8,8,0,0,0,0,0,0,0,0,0,0,0,251,0,0,-614,-604,-5920,-5920,-614,-612]} 1. d4 Nf6 2. Bf4 d5 3. e3 c5 4. c3 Nc6 5. Nd2 e6 6. Ngf3 cxd4 7. exd4 {D02: 1 d4 d5 2 Nf3 sidelines, including 2...Nf6 3 g3 and 2...Nf6 3 Bf4} Nh5 8. Be3 (8. Bg5 f6 9. Be3 Bd6 10. g3 O-O 11. Nh4 g6 12. Be2 Ng7 13. O-O e5 14. dxe5 fxe5 {½-½ (59) Aronian,L (2767)-Nakamura,H (2777) chess.com INT 2018}) 8... Bd6 9. Ne5 {The position is equal.} g6 10. Nd3 f6 11. g3 Ng7 12. Bg2 O-O $146 ({Predecessor:} 12... Nf5 13. O-O O-O 14. Re1 Kg7 {1-0 (44) Berkes,F (2658)-Banusz,T (2629) Budapest 2017}) 13. O-O Kh8 14. Rc1 Nf5 15. Re1 Nxe3 16. fxe3 e5 17. dxe5 ({Better is} 17. Bxd5 $16 exd4 18. exd4) 17... Nxe5 $11 18. Nf4 (18. Nxe5 $11 Bxe5 19. Nb3) 18... g5 $15 19. Nxd5 Nd3 $1 {[%csl LRb2,LRc1,LRe1]} 20. Nc4 Nxe1 21. Qxe1 Bg4 22. h3 Be6 {aiming for ...Bxd5.} 23. Rd1 Rf7 $2 (23... f5 $17) 24. Nxd6 $16 Qxd6 25. Nf4 $1 $36 {[%mdl 2048] White is really pushing.} Qxd1 (25... Qb6 $16 {might work better.} 26. Nxe6 Qxe6) 26. Qxd1 $18 gxf4 27. Qd6 ({Don't do} 27. gxf4 $6 Rd7 $14) 27... Re8 28. Qxf4 Kg7 29. Be4 (29. h4 $142) 29... Rfe7 30. g4 (30. Bf3 $16) 30... Bf7 $11 31. Bf3 Rxe3 32. g5 R3e6 33. Qd4 b6 34. h4 Re5 (34... h6 $1 $14) 35. Qf4 (35. gxf6+ $16 Kxf6 36. c4) 35... fxg5 36. hxg5 Ra5 37. b4 Rxa2 {[%cal Re8e1]} 38. Qd4+ Kg8 {[%cal Re8e1]} 39. Kf1 Rf8 40. Ke1 Ra1+ 41. Kd2 Rf1 42. Be4 Bb3 {White must now prevent ...Rd1+.} 43. Ke2 {[#]} Rd1 $2 {[%mdl 8192] [#]} (43... R8f2+ $1 $11 {[%mdl 512]} 44. Qxf2 Rxf2+ 45. Kxf2 a5 46. bxa5 bxa5) 44. Qe3 $2 (44. Bd5+ $1 $18 {[%mdl 512]} Bxd5 45. Kxd1) 44... Rdd8 {...Bc4+ is the strong threat.} 45. Bxh7+ $2 {[%mdl 8192]} (45. Qg3 $11) 45... Kxh7 $19 {Black is clearly winning.} 46. Qe4+ Kg7 47. Qe5+ Kg8 {Accuracy: White = 39%, Black = 63%.} 0-1

[Event "ROC Nova College 2019"]
[Site "Haarlem"]
[Date "2019.06.29"]
[Round "2.1"]
[White "Jonkman, Harmen"]
[Black "Sadler, Matthew D"]
[Result "0-1"]
[WhiteElo "2394"]
[BlackElo "2692"]
[Annotator "TA"]
[PlyCount "78"]
[EventDate "2019.06.28"]
[EventType "swiss"]
[EventCountry "NED"]
[SourceTitle "playchess.com"]
[Source "ChessBase"]
[SourceQuality "1"]

{[%evp 9,77,14,30,36,17,15,32,0,0,0,-11,-50,-3,-6,-16,-5,-7,-9,49,44,49,46,50,9,7,11,27,0,0,-34,-37,-44,-47,-47,-43,-52,-46,-68,-25,-146,-84,-383,-391,-425,-425,-432,-429,-427,-427,-411,-405,-632,-397,-390,-339,-29985,-29986,-29987,-29988,-29988,-29989,-29994,-29972,-29996,-29997,-29997,-29998,-29999,-29999,-29999]} 1. e4 e6 2. d4 d5 3. exd5 exd5 4. Nf3 Nf6 5. Bd3 c5 6. O-O {C01: French: Exchange Variation} c4 7. Be2 (7. Re1+ Be7 8. Be2 O-O 9. b3 cxb3 10. axb3 Nc6 11. c3 Re8 12. Nbd2 Bd6 13. Bd3 Bg4 14. Rxe8+ Qxe8 {0-1 (52) Fontaine,R (2563)-Carlsen,M (2834) chess.com INT 2018}) 7... Nc6 8. Ne5 {White is slightly better.} Bd6 9. Nxc6 $146 ({Predecessor:} 9. f4 Qb6 10. Nf3 Bg4 11. c3 Bxf3 12. Bxf3 O-O 13. g3 {1-0 (24) Martin Rosabal,N (2010)-Leon Valdes,J (2143) Havana 2010}) 9... bxc6 10. Bg5 h5 11. h4 Qb6 12. b3 Ne4 13. bxc4 Qb2 ({Black should try} 13... O-O $11) 14. Nd2 $14 {aiming for Rb1.} Nxg5 15. hxg5 O-O 16. cxd5 cxd5 17. c4 Bf4 18. Nb3 Bf5 {And now ...Bc2 would win.} 19. Bd3 ({Wrong is} 19. cxd5 $2 Bc2 $19) (19. Bxh5 $5 {[%cal Rd1f3]} dxc4 20. Qf3 cxb3 21. axb3 $11) 19... Bg4 20. Qe1 {Hoping for Qa5.} dxc4 21. Bxc4 Qc2 $36 {[%mdl 2048] Black is more active.} 22. Bd5 $1 {[%cal Rd5e4] Strongly threatening Be4.} Rad8 {[%mdl 1024] Black has compensation.} 23. Be4 Qc7 $1 24. f3 {[#]} (24. g6 $11 {remains equal.}) 24... Bc8 (24... Be6 $142 $1 25. Rd1 Bh2+ 26. Kh1 Qf4) 25. Qa5 $2 {[%mdl 8192]} (25. Qh4 $17) 25... Be3+ $19 26. Kh1 Qg3 {[%cal Rg3h4]} 27. Qe1 Qxg5 {Threatens to win with ...Bf4.} 28. g3 {Black must now prevent f4.} Rfe8 29. Rd1 {If only White now had time for f4....} Ba6 30. Bd3 (30. f4 $142 Qe7 31. Qxe3 Bxf1 32. Nc5) 30... Bxd3 31. Rxd3 Bf4 32. Qf2 $2 (32. gxf4 $19 Rxe1 33. fxg5 Rxf1+ 34. Kg2) 32... Bxg3 {Black mates.} 33. Qg2 Qh4+ 34. Kg1 {[#]} Rd6 $1 35. Qh1 Qg5 36. f4 {[#]} Bh2+ $1 {[%mdl 512]} 37. Kf2 (37. Kxh2 Re2+) 37... Qh4+ 38. Kf3 Qg4+ 39. Kf2 Re2# {Accuracy: White = 32%, Black = 73%.} 0-1

[Event "ROC Nova College 2019"]
[Site "Haarlem"]
[Date "2019.06.29"]
[Round "2.2"]
[White "Sumets, Andrey"]
[Black "Pham, Khoi"]
[Result "1-0"]
[WhiteElo "2577"]
[BlackElo "2198"]
[Annotator "TA"]
[PlyCount "51"]
[EventDate "2019.06.28"]
[EventType "swiss"]
[EventCountry "NED"]
[SourceTitle "playchess.com"]
[Source "ChessBase"]
[SourceQuality "1"]

{[%evp 22,51,31,28,39,25,54,40,39,36,84,76,83,70,91,74,195,190,210,149,199,181,221,227,567,529,657,657,645,612,570,581]} 1. d4 Nf6 2. c4 g6 3. Nc3 Bg7 4. e4 d6 5. Nf3 O-O 6. Be2 e5 7. O-O Nc6 8. d5 Ne7 9. a4 a5 10. Ne1 Nd7 11. Nd3 f5 12. f3 f4 {E97: King's Indian: Classical Main Line (6...e5 7 0-0 Nc6): 8 Be3 and 8 d5 Ne7, not 9 Ne1} 13. b3 g5 14. Ba3 b6 {White is slightly better.} 15. b4 Ng6 $146 ({Predecessor:} 15... axb4 16. Bxb4 h5 17. Nf2 Ng6 18. a5 bxa5 19. Bxa5 Ba6 20. Nb5 Bxb5 21. cxb5 {1-0 (33) Wojtaszek,R (2749)-Belyakov,B (2487) Doha 2016}) 16. bxa5 Rxa5 17. Bb4 Ra8 18. a5 Rf6 (18... Nc5 $16) 19. axb6 $18 Rxa1 20. Qxa1 cxb6 21. Qa8 Nh4 22. Nb5 {[%cal Bc3b5,Bb5a7,Ba7c8][%mdl 32]} Bf8 $2 {[#]} (22... Nc5 {is a better chance.} 23. Bxc5 bxc5) 23. Na7 {White is clearly winning.} b5 24. Nxc8 bxc4 25. Nf2 Nb6 26. Qa5 1-0

[Event "ROC Nova College 2019"]
[Site "Haarlem"]
[Date "2019.06.29"]
[Round "2.3"]
[White "Schelvis, Richard"]
[Black "Admiraal, Miguoel"]
[Result "0-1"]
[WhiteElo "2113"]
[BlackElo "2507"]
[Annotator "RC"]
[PlyCount "82"]
[EventDate "2019.06.28"]
[EventType "swiss"]
[EventCountry "NED"]
[SourceTitle "playchess.com"]
[Source "ChessBase"]
[SourceQuality "1"]
[TimeControl "5400+15"]

1. d4 {[%emt 0:00:00]} c5 {[%emt 0:00:00]} 2. Nf3 {[%emt 0:01:27]} cxd4 {[%emt 0:00:03]} 3. Nxd4 {[%emt 0:00:12]} b6 {[%emt 0:01:02]} 4. g3 {[%emt 0:04:19]} Bb7 {[%emt 0:00:15]} 5. Nf3 {[%emt 0:00:04]} g6 {[%emt 0:10:11]} 6. Bg2 {[%emt 0:01:07]} Bg7 {[%emt 0:04:15]} 7. O-O {[%emt 0:00:18]} Nf6 {[%emt 0:00:30]} 8. c3 {[%emt 0:05:13]} O-O {[%emt 0:02:04]} 9. a4 {[%emt 0:02:47]} Nc6 {[%emt 0:05:13]} 10. Nd4 {[%emt 0:05:11]} Qc8 {[%emt 0:07:57]} 11. Nxc6 {[%emt 0:06:04]} Bxc6 {[%emt 0:00:14]} 12. Nd2 {[%emt 0:00:42]} Bxg2 {[%emt 0:05:52]} 13. Kxg2 {[%emt 0:07:09]} Qc6+ {[%emt 0:01:51]} 14. Kg1 {[%emt 0:00:42]} d5 {[%emt 0:04:32]} 15. Nf3 {[%emt 0:02:22]} Ne4 {[%emt 0:03:02]} 16. Bf4 {[%emt 0:04:53]} Rfe8 {[%emt 0:00:51]} 17. Ne5 {[%emt 0:17:17]} Qb7 {[%emt 0:02:26]} 18. h4 {[%emt 0:02:55]} Rad8 {[%emt 0:05:00]} 19. Qc1 {[%emt 0:04:07]} Nc5 {[%emt 0:05:49]} 20. Qe3 {[%emt 0:01:55]} f6 {[%emt 0:04:12]} 21. Nd3 {[%emt 0:01:30]} e5 {[%emt 0:01:49]} 22. Nxc5 {[%emt 0:00:23]} bxc5 {[%emt 0:00:14]} 23. Bh6 {[%emt 0:00:09]} d4 {[%emt 0:02:38]} 24. Qc1 {[%emt 0:04:13]} Qd5 {[%emt 0:07:40]} 25. Bxg7 {[%emt 0:00:27]} Kxg7 {[%emt 0:00:05]} 26. Qd2 {[%emt 0:01:43]} e4 {[%emt 0:07:16]} 27. cxd4 {[%emt 0:04:18]} cxd4 {[%emt 0:00:31]} 28. Qf4 {[%emt 0:01:13]} Rd7 {[%emt 0:00:32]} 29. Rac1 {[%emt 0:00:53]} Re5 {[%emt 0:03:43]} 30. b4 {[%emt 0:01:24]} Qe6 {[%emt 0:01:51]} 31. b5 {[%emt 0:00:17]} g5 {[%emt 0:00:30]} 32. hxg5 {[%emt 0:00:51]} fxg5 {[%emt 0:00:10]} 33. Qd2 {[%emt 0:00:06]} e3 {[%emt 0:00:31]} 34. Qd3 {[%emt 0:03:07]} Qh3 {[%emt 0:01:56]} 35. Qc4 {[%emt 0:07:08]} exf2+ {[%emt 0:00:37]} 36. Rxf2 {[%emt 0:00:08]} Qxg3+ {[%emt 0:00:28]} 37. Kf1 {[%emt 0:00:41]} Qh3+ {[%emt 0:00:16]} 38. Kg1 {[%emt 0:01:03]} Re3 {[%emt 0:01:28]} 39. Qc6 {[%emt 0:00:37]} Rg3+ {[%emt 0:00:08]} 40. Rg2 {[%emt 0:00:02]} Rxg2+ {[%emt 0:00:02]} 41. Qxg2 {[%emt 0:00:02]} Qe3+ {[%emt 0:00:01]} 0-1

[Event "ROC Nova College 2019"]
[Site "Haarlem"]
[Date "2019.06.29"]
[Round "2.4"]
[White "Arnaudov, G. Petar"]
[Black "Frans, Richard"]
[Result "1-0"]
[WhiteElo "2478"]
[BlackElo "2017"]
[Annotator "TA"]
[PlyCount "111"]
[EventDate "2019.06.28"]
[EventType "swiss"]
[EventCountry "NED"]
[SourceTitle "playchess.com"]
[Source "ChessBase"]
[SourceQuality "1"]

{[%evp 10,111,35,15,15,8,19,13,28,6,9,6,15,7,8,8,12,11,28,0,0,0,44,41,50,54,66,54,74,65,69,68,66,69,98,28,36,18,58,58,61,61,72,14,9,6,25,10,21,0,0,0,0,0,0,0,0,-77,0,0,52,53,200,112,154,120,119,71,91,80,84,80,236,238,719,706,1485,247,1376,1287,374,368,279,235,427,30,616,476,29990,29991,29991,29989,29989,29990,29990,29991,29991,29992,29992,29992,29993,29987,29991,846]} 1. Nf3 e6 2. g3 f5 3. Bg2 Nf6 4. O-O Be7 5. d3 O-O 6. Nc3 d6 {A04: Unusual lines after 1 Nf3 and King's Indian Attack} (6... Bb4 7. Na4 d5 8. c4 c6 9. a3 Bd6 10. b4 e5 11. Bb2 Qe8 12. cxd5 cxd5 13. Rc1 Nc6 14. b5 {½-½ (62) Onischuk,V (2594)-Rapport,R (2701) Zalakaros 2014}) 7. e4 fxe4 8. dxe4 Nc6 {The position is equal.} 9. h3 e5 10. Be3 Kh8 $146 ({Predecessor:} 10... Qe8 11. Nd2 Qg6 12. a3 a6 13. Qe2 Kh8 14. Rad1 {½-½ (44) Kveinys,A (2526)-Froeyman,H (2310) Belgium 2012}) 11. Qe2 Be6 12. Rad1 Qe8 13. Nd5 Bd8 14. Bg5 Qf7 15. c3 Nxd5 (15... Rc8 {seems wilder.} 16. Bh4 Qh5 17. Rfe1 Nd7 18. Bxd8 Nxd8 19. Ne7 Rb8) 16. exd5 Bxd5 {[%mdl 64] Double Attack} 17. Nxe5 $1 Nxe5 18. Bxd5 Qf5 19. Bxd8 Raxd8 20. f4 Nc6 21. g4 Qf6 22. g5 (22. Rde1 $16) 22... Qf5 $11 23. Qg4 Rde8 24. Qxf5 Rxf5 25. Rde1 Ref8 26. Bc4 (26. Bxc6 $16 {Strongly threatening Bd7.} bxc6 27. Re7) 26... g6 27. Kg2 d5 28. Bb3 Na5 29. Kg3 Nxb3 30. axb3 {[%mdl 4096] Endgame KRR-KRR} Kg7 31. b4 c6 32. Re7+ R8f7 33. Re6 {[#]} (33. Rxf7+ $11 Rxf7 34. Re1) 33... Rc7 ({Better is} 33... Rxg5+ $1 $17 {[%mdl 512]} 34. fxg5 Rxf1) 34. h4 Kf7 (34... Rcf7 $11) 35. Rfe1 $14 b6 (35... Rd7 $14) 36. Rd6 ({White should play} 36. Kg4 $18) 36... Kg7 37. Re5 Rff7 38. h5 gxh5 39. f5 Rfd7 40. Rh6 c5 $2 (40... d4 $16) 41. f6+ $18 (41. Rxh5 cxb4 42. f6+ (42. cxb4 d4 $11) 42... Kf8 $11) 41... Kg8 $2 (41... Kf8 42. bxc5 (42. Rxh5 cxb4 43. Re3 bxc3 $11) 42... bxc5) 42. bxc5 bxc5 43. Re8+ Kf7 44. Rh8 Ke6 45. Kf4 d4 {intending ...d3.} 46. Re8+ ({Not} 46. Rxh5 d3 $16) 46... Kf7 $2 (46... Kd5 {keeps fighting.} 47. Rxh5 Kc4) 47. Re1 $2 (47. Re5 $1 $18 Kf8 48. Kf5 (48. Rxh5 d3 $11) 48... dxc3 49. bxc3) 47... Kg8 $2 {[%mdl 8192]} (47... Kf8 $11) 48. c4 {Re8+ is the strong threat.} d3 {[#]} (48... Rc8 $18 49. Rg1 Rf8) 49. Re8+ $1 {White mates.} Kf7 50. Rh8 Ke6 {[#]} 51. f7+ $1 {[%mdl 576] Deflection} Kxf7 52. Kf5 {[%cal Rh6h7]} Ke7 53. R6xh7+ Kd6 54. Rh6+ Ke7 55. g6 Rd8 56. R6h7+ {Accuracy: White = 58%, Black = 38%.} (56. R8h7+ $142 Kd6 57. g7+ Kd7 58. g8=Q+ Kc8 59. Qe6+ Kb8 60. Rxc7 h4 {[#]} 61. Qe7 $1 {[%mdl 576] Double Attack} Rf8+ 62. Qxf8+ Kxc7 63. Qg7+ Kd8 64. Rh8#) 1-0

[Event "ROC Nova College 2019"]
[Site "Haarlem"]
[Date "2019.06.29"]
[Round "3.1"]
[White "Sadler, Matthew D"]
[Black "Arnaudov, G. Petar"]
[Result "1/2-1/2"]
[WhiteElo "2692"]
[BlackElo "2478"]
[Annotator "TA"]
[PlyCount "69"]
[EventDate "2019.06.28"]
[EventType "swiss"]
[EventCountry "NED"]
[SourceTitle "playchess.com"]
[Source "ChessBase"]
[SourceQuality "1"]

{[%evp 9,69,20,19,26,26,29,36,34,51,57,73,43,50,24,67,49,62,53,60,57,58,40,41,42,42,39,43,30,36,26,48,46,58,47,57,45,47,42,62,56,56,15,0,0,153,160,141,0,0,-33,-36,-22,91,0,0,0,148,-8,-8,-427,-401,-381]} 1. c4 Nf6 2. Nc3 e6 3. e4 e5 4. Nf3 Nc6 5. Be2 Bb4 6. d3 {A18: English Opening: Flohr-Mikenas System (1 c4 Nf6 2 Nc3 e6 3 e4)} O-O 7. O-O Re8 $146 ({Predecessor:} 7... d6 8. Bg5 h6 9. Bh4 Bc5 10. Kh1 Nd4 11. Nxd4 Bxd4 12. Nb5 Bb6 {1-0 (66) Georgiev,K (2595)-Gadimbayli,A (2404) Skopje 2019}) 8. Nd5 {White is slightly better.} Nxd5 9. cxd5 {Strongly threatening Qb3.} Nb8 10. d4 exd4 $1 11. Qxd4 c5 12. Qc4 {aiming for a3.} d6 $1 13. a3 Ba5 14. Bg5 f6 15. Bh4 Nd7 16. Qc2 Nf8 17. Bg3 Ng6 18. Bd3 Bg4 19. Nh4 Nxh4 20. Bxh4 h6 21. Kh1 a6 22. a4 Bd7 23. f4 b5 {[#]} 24. e5 $1 {[%mdl 512]} dxe5 25. Bh7+ Kh8 26. Bg6 Re7 $2 (26... bxa4 $11 27. Bxe8 (27. Qxc5 Bb6 $11) 27... Qxe8) 27. d6 $1 $36 {[%cal Rd6e7][%mdl 2048] White is really pushing.} Re6 28. Rad1 ({White must play} 28. Bf7 $1 $16 {[%cal Rf7e6]} Rxd6 29. fxe5) 28... exf4 $11 29. Bf7 Re5 {Hoping for ...Bf5.} 30. Rxf4 Be8 {[#]} (30... Qf8 $11 {keeps the balance.} 31. Bg6 Rd8) 31. Ba2 ({White should try} 31. Rxf6 $1 $16 {[%mdl 512]} Bxf7 {[%mdl 64] Pin} (31... gxf6 32. Qg6) 32. Rxh6+ $1 {[%mdl 512]} gxh6 33. Bxd8 Rxd8 34. b4 $1 {[%mdl 512]} Rxd6 35. bxa5) 31... g5 {[#] Threatens to win with ...Ra7.} 32. d7 $1 {[%cal Rd7e8][%mdl 512]} Bh5 {[#]} ({Don't go for} 32... Bxd7 $2 33. Qg6 $1 $18 {[%mdl 512]}) (32... Qe7 $11 33. dxe8=N (33. dxe8=Q+ Rxe8 34. Qg6 {[%mdl 64] Double Attack} Qg7 $11) 33... Rxe8) 33. Bb1 $2 ({White has to play} 33. g4 $1 $16 {Black must now prevent Rd6.} Qf8 {[#]} 34. Bb1 $1 {[%mdl 512]}) 33... Qe7 $1 34. Rdf1 $2 {[%mdl 8192]} (34. Rxf6 $11 {and White stays safe.} Bxd1 35. Rxh6+ Kg8 36. Qxd1 (36. Qg6+ Qg7 $11) 36... gxh4 37. Rg6+ Kh8 38. Rh6+ Kg8 39. Rg6+ Kh8 40. Rh6+ Kg8) 34... Rf8 $19 ({Weaker is} 34... gxh4 35. Rxf6 Re1 36. g4 $17) 35. Rf5 {[%mdl 32768] Accuracy: White = 41%, Black = 54%. . An unexpected result.} 1/2-1/2